Statistics for MLB Players by Nickname and Emoji #1

Click here to take the quiz!

General Stats

  • This quiz has been taken 14 times
  • The average score is 3 of 15

Answer Stats

EmojiPlayers% Correct
πŸ”¨Hank Aaron
58%
πŸ₯‹πŸΌPablo Sandoval
50%
πŸͺCarlos Carrasco
25%
πŸ‘‘Felix Hernandez
25%
πŸ™‚Francisco Lindor
25%
πŸ‘ΆπŸΎKen Griffey Jr.
25%
πŸ’ͺ🏾Mickey Mantle
17%
πŸš€Roger Clemens
17%
πŸ‘¨πŸΎβ€πŸš€Bill Lee
8%
πŸ‘ΆπŸΎπŸ¦’Brandon Belt
8%
πŸ•πŸš”Fred McGriff
8%
🦈Jeff Samardzija
8%
βž–πŸ‘žJoe Jackson
8%
🐦Mark Fidrych
0%
🐒Willians Astudillo
0%

Score Distribution

Percentile by Number Answered

Percent of People with Each Score

Your Score History

You have not taken this quiz